Caught in the crossfire (Record no. 594610)
[ view plain ]
| 000 -LEADER | |
|---|---|
| fixed length control field | 01048njm a22003017a 4500 |
| 001 - CONTROL NUMBER | |
| control field | 5753632 |
| 005 - DATE AND TIME OF LATEST TRANSACTION | |
| control field | 20230502151415.0 |
| 007 - PHYSICAL DESCRIPTION FIXED FIELD--GENERAL INFORMATION | |
| fixed length control field | sdubumennmpluu |
| 008 - FIXED-LENGTH DATA ELEMENTS--GENERAL INFORMATION | |
| fixed length control field | 950330s1984 cauuun eng |
| 010 ## - LIBRARY OF CONGRESS CONTROL NUMBER | |
| LC control number | 95778531 |
| 020 ## - INTERNATIONAL STANDARD BOOK NUMBER | |
| International Standard Book Number | 0356144046 |
| 028 00 - PUBLISHER NUMBER | |
| Publisher number | RAG-1021 |
| Source | Rag Baby Records |
| 035 ## - SYSTEM CONTROL NUMBER | |
| System control number | (OCoLC)32224359 |
| 040 ## - CATALOGING SOURCE | |
| Original cataloging agency | DLC |
| Transcribing agency | DLC |
| 050 00 - LIBRARY OF CONGRESS CALL NUMBER | |
| Classification number | Rag Baby Records RAG-1021 |
| 082 ## - DEWEY DECIMAL CLASSIFICATION NUMBER | |
| Classification number | 958.1044 |
| Author Mark | JAN |
| 100 ## - MAIN ENTRY--PERSONAL NAME | |
| Personal name | Goodwin, Jan |
| 9 (RLIN) | 112033 |
| 245 00 - TITLE STATEMENT | |
| Title | Caught in the crossfire |
| Statement of responsibility, etc. | Jan Goodwin |
| 260 ## - PUBLICATION, DISTRIBUTION, ETC. | |
| Place of publication, distribution, etc. | San Francisco, CA : |
| Name of publisher, distributor, etc. | Rag Baby Records, |
| Date of publication, distribution, etc. | p1984. |
| 300 ## - PHYSICAL DESCRIPTION | |
| Extent | 1 sound disc : |
| Other physical details | analog, 33 1/3 rpm ; |
| Dimensions | 12 in. |
| 500 ## - GENERAL NOTE | |
| General note | Brief record. |
| 505 0# - FORMATTED CONTENTS NOTE | |
| Formatted contents note | Caught in the crossfire -- The year of the wolf -- Ain't lettin' go -- Operator -- Power play -- Takin' chances -- The gift -- Now that I found you -- Fire in the sky -- Never again. |
| 650 #0 - SUBJECT ADDED ENTRY--TOPICAL TERM | |
| Topical term or geographic name entry element | Rock music |
| Chronological subdivision | 1981-1990. |
| 9 (RLIN) | 112034 |
| 700 1# - ADDED ENTRY--PERSONAL NAME | |
| Personal name | Sullivan, Rocky. |
| 9 (RLIN) | 112035 |
| 906 ## - LOCAL DATA ELEMENT F, LDF (RLIN) | |
| a | 7 |
| b | cbc |
| c | orignew |
| d | 3 |
| e | ncip |
| f | 19 |
| g | y-genmusic |
| 942 ## - ADDED ENTRY ELEMENTS (KOHA) | |
| Source of classification or shelving scheme | |
| Koha item type | Book |
| Withdrawn status | Lost status | Source of classification or shelving scheme | Damaged status | Not for loan | Permanent Location | Current Location | Shelving location | Date acquired | Total Checkouts | Full call number | Barcode | Date last seen | Price effective from | Koha item type |
|---|---|---|---|---|---|---|---|---|---|---|---|---|---|---|
| School of Mechanical & Manufacturing Engineering (SMME) | School of Mechanical & Manufacturing Engineering (SMME) | Fiction | 05/02/2023 | 958.1044 JAN | SMME-3840 | 05/02/2023 | 05/02/2023 | Book |
